000
00392nam a2200133Ia 4500
008
100328s9999 xx 000 0 und d
082
_b
28039
100
_a
गडकर रेचल
245
_a
बायानो सावाान
260
_b
त्रिदल
630
_a
बायानो सावाान
730
_a
बायानो सावाान
942
_c
BOOK
999
_c
519655
_d
519652